Variations of short periodical oscillations of polar motion with periods ranging from 10-140 days /

Guardat en:
Dades bibliogràfiques
Autor principal: Kolaczek, B.
Autor corporatiu: United States Naval Observatory, Ohio State University. Dept. of Geodetic Science and Surveying
Format: Llibre
Idioma:English
Publicat: Columbus, Ohio : Dept. of Geodetic Science and Surveying, Ohio State University, 1992.
Col·lecció:Report (Ohio State University. Dept. of Geodetic Science and Surveying) ; no. 419.
Matèries:
LEADER 01329cam a2200277 a 4500
001 c000264168
003 CARM
005 20070710144742.0
008 940107s1992 ohua b 000 0 eng d
019 1 |a 10392543  |5 LACONCORD2021 
035 |a (OCoLC)27267346  |5 LACONCORD2021 
040 |a ABN:1  |b eng  |c ABN:1  |d AMG 
082 0 4 |a 550  |2 20 
100 1 |a Kolaczek, B. 
245 1 0 |a Variations of short periodical oscillations of polar motion with periods ranging from 10-140 days /  |c by B. Kolaczek for U.S. Naval Observatory, Washington, D.C. 
260 |a Columbus, Ohio :  |b Dept. of Geodetic Science and Surveying, Ohio State University,  |c 1992. 
300 |a 30 p. :  |b ill. ;  |c 30 cm. 
490 1 |a Report / Dept. of Geodetic Science and Surveying, Ohio State University ;  |v no. 419 
504 |a Includes bibliographical references (p. 26-30) 
651 0 |a Earth  |x Rotation. 
710 2 |a United States Naval Observatory 
710 2 |a Ohio State University.  |b Dept. of Geodetic Science and Surveying 
830 0 |a Report (Ohio State University. Dept. of Geodetic Science and Surveying) ;  |v no. 419. 
852 8 |b CARM  |h A1:AO07D0  |i F02329  |p 0382049  |f BK 
999 f f |i a4d9df29-ff62-5649-9b2c-cfe80f5cfb24  |s acd378af-3ff5-5d12-8597-e055e37ab628 
952 f f |p Can circulate  |a CAVAL  |b CAVAL  |c CAVAL  |d CARM 1 Store  |e F02329  |f A1:AO07D0  |h Other scheme  |i book  |m 0382049